Principles of cyberwar (Record no. 512691)

000 -LEADER
fixed length control field 00459nam a2200145 4500
008 - FIXED-LENGTH DATA ELEMENTS--GENERAL INFORMATION
fixed length control field 191209b ||||| |||| 00| 0 eng d
100 ## - MAIN ENTRY--PERSONAL NAME
Personal name Kumar, Sunit
245 ## - TITLE STATEMENT
Title Principles of cyberwar
260 ## - PUBLICATION, DISTRIBUTION, ETC. (IMPRINT)
Name of publisher, distributor, etc Journal of the United Service Institution of India
300 ## - PHYSICAL DESCRIPTION
Extent 149(617), Jul-Sep, 2019: p.393-400.
700 ## - ADDED ENTRY--PERSONAL NAME
Personal name Jaiswal, Anurag
9 (RLIN) 14376
773 ## - HOST ITEM ENTRY
Main entry heading Journal of the United Service Institution of India
906 ## - LOCAL DATA ELEMENT F, LDF (RLIN)
Subject DIP Cyberwar
942 ## - ADDED ENTRY ELEMENTS (KOHA)
Source of classification or shelving scheme
Item type Articles
Holdings
Withdrawn status Lost status Source of classification or shelving scheme Damaged status Not for loan Permanent location Current location Date acquired Serial Enumeration / chronology Barcode Date last seen Koha item type
          Indian Institute of Public Administration Indian Institute of Public Administration 2019-12-09 149(617), Jul-Sep, 2019: p.393-400. AR122022 2019-12-09 Articles

Powered by Koha